Thebes in Egypt : a guide to the tombs and temples of Luxor
Αποθηκεύτηκε σε:
| Κύριος συγγραφέας: | |
|---|---|
| Άλλοι συγγραφείς: | |
| Μορφή: | Βιβλίο |
| Γλώσσα: | English |
| Δημοσίευση: |
London :
British Museum Press,
1999
|
| Θέματα: | |
| Ετικέτες: |
Προσθήκη ετικέτας
Δεν υπάρχουν, Καταχωρήστε ετικέτα πρώτοι!
|
MARC
| LEADER | 00000nam a2200000 i 4500 | ||
|---|---|---|---|
| 001 | 1/26285 | ||
| 008 | 020809s1999 eng d | ||
| 020 | |a 0-7141-1918-0 | ||
| 035 | |l 10068225 | ||
| 040 | |a GR-MY-UA |b gre |e aacr | ||
| 041 | 0 | |a eng | |
| 082 | 0 | |a 932 | |
| 100 | 0 | |a Strudwick, Nigel. | |
| 245 | 1 | 0 | |a Thebes in Egypt : |b a guide to the tombs and temples of Luxor / |c Nigel and Helen Strudwick |
| 260 | |a London : |b British Museum Press, |c 1999 | ||
| 300 | |a 232 p. | ||
| 651 | 0 | |a Thebes (Egypt: Extinct city) |x Guidebooks. | |
| 700 | 0 | |a Strudwick, Helen. | |
| 852 | |a INST |b RHODES |e 20020809 |h 932 STR |p 005400016260 |q 005400016260 |t BK |y 0 | ||
| 901 | |a BIBL4-2002-2 | ||
| 909 | |a Ρ |b 102338 | ||
| 922 | |a 4ΕΛΗ |b 200206 |c ΚΠΣ/124 | ||
| 970 | |a ΚΟΥΛΑΚΙΟΤΗ |b ΛΙΤΣΑ |z 2002/08/22 | ||